000 00559nam a2200205Ia 4500
005 20250508151434.0
008 008 250505s9999 xx 000 0 eng d
037 _aTextual
040 _aFEDL
_beng
_cFEDL
041 _aeng
_2eng
084 _a150.1943, HUL
_qFEDL
100 _aHull Clark L
_910619
245 0 _aEssentials of behavior
260 _aLondon, UK
_bOxford University Press
_c1951
300 _aviii,145p.
365 _aINR
_b14.5
650 _aPsychology
942 _cTEXL
_h150.1943, HUL
999 _c1329803
_d1329803